000 00221nam a2200085Ia 4500
008 120527s9999 xx 000 0 und d
100 _aDrucker,F. Peter
245 _aManagement: Tasks responsibilities practices
942 _cBK
999 _c27212
_d27212